Hamvazószerda

Bibliographic Details
Main Author: Csáky, Károly, 1950- (Author)
Format: Article
Language:Hungarian
ISSN:1335-6534
Subjects:

MARC

LEADER 00000nab a2200000 a 4500
001 vtls001518592
003 SK-MaSNL
005 20260318114618.0
008 160405c2005 xo |||||||| 000 b|hun
015 |a SNBRB2005/02  |2 snkbucl 
038 |a SNKBUCL 
040 |a DSZK  |b slo  |c DSZK  |e AACR2 
041 0 |a hun 
044 |a xo  |c SK 
080 |a 264-041.4  |2 1997 
080 |a 282  |2 1997 
080 |a 398.33  |2 1997 
100 1 |a Csáky, Károly,  |d 1950-  |4 aut  |9 99675 
245 1 0 |a Hamvazószerda  |c Csáky Károly 
650 0 7 |a Popolcová streda  |2 SNKPH  |9 49886 
650 0 7 |a ľudové zvyky  |2 SNKPH  |9 66558 
650 0 7 |a pôst  |2 SNKPH  |9 1978 
650 0 7 |a etnografia  |2 SNKPH  |9 950 
651 7 |a Slovensko  |2 SNKPHgeo  |9 14231 
773 0 |t Remény  |g Évf. XVI, sz. 7 (2005), o. 7  |x 1335-6534 
852 |a SNK  |b KIS3GCP 
852 |a DSZK  |b KIS3GCP 
958 |a HU 
958 |a SK 
999 |c 3277659  |d 3279589